| Tag |
First Indicator |
Second Indicator |
Subfields |
| LEADER |
00000cas a2200000I 4500 |
| 001 |
in00000042626 |
| 005 |
20151007074807.0 |
| 008 |
760712d19241943nyuwr p 0 a0eng d |
| 029 |
1 |
|
|a NLGGC
|b 045109346
|
| 035 |
|
|
|a (OCoLC)ocm06108423
|
| 035 |
|
|
|a (OCoLC)06108423
|
| 035 |
|
|
|9 AAF2105AM
|
| 035 |
|
|
|a (OCoLC)6108423
|
| 040 |
|
|
|a IUL
|c IUL
|d OCL
|d AAA
|d TXA
|d UtOrBLW
|
| 049 |
|
|
|a TXAM
|
| 050 |
|
4 |
|a Z1219
|b .B8
|
| 082 |
0 |
4 |
|a 805
|
| 090 |
|
|
|a Z1219
|b .N53
|
| 130 |
0 |
|
|a New York herald tribune.
|
| 245 |
1 |
0 |
|a New York Herald Tribune books.
|
| 246 |
1 |
|
|a Books.
|
| 264 |
|
1 |
|a New York :
|b [publisher not identified]
|
| 300 |
|
|
|a volumes :
|b illustrations ;
|c 42 cm.
|
| 336 |
|
|
|a text
|b txt
|2 rdacontent
|
| 337 |
|
|
|a unmediated
|b n
|2 rdamedia
|
| 338 |
|
|
|a volume
|b nc
|2 rdacarrier
|
| 362 |
0 |
|
|a -Feb. 7, 1943.
|
| 362 |
1 |
|
|a Began publication in Sept. 1924.
|z cf. Union List of Serials.
|
| 580 |
|
|
|a Continued by: New York Herald Tribune. New York Herald Tribune weekly book review.
|
| 650 |
|
0 |
|a Books
|v Reviews.
|
| 772 |
0 |
|
|t New York Herald Tribune
|
| 785 |
1 |
0 |
|t New York Herald Tribune weekly book review
|w (OCoLC)6108530
|
| 936 |
|
|
|a Feb. 7, 1943
|
| 949 |
|
|
|a updated
|b h
|c 2011/6/14
|e vilik
|f 10:50:03 am
|
| 994 |
|
|
|a C0
|b TXA
|
| 999 |
|
|
|a MARS
|
| 999 |
f |
f |
|s ddc46a49-be7b-3772-aaee-fde777f49a38
|i 46248a63-d63f-346c-b527-539471e12bd0
|t 0
|
| 952 |
f |
f |
|p storage
|a Texas A&M University
|b J.J. Pickle Campus
|c High Density Repository
|d Remote Storage
|t 0
|e Z1219 .N53
|h Library of Congress classification
|i unmediated -- volume
|k v.13:no.1-26
|l 1936:Sept.-1937:Feb.
|m A14834880497
|
| 952 |
f |
f |
|p storage
|a Texas A&M University
|b J.J. Pickle Campus
|c High Density Repository
|d Remote Storage
|t 0
|e Z1219 .N53
|h Library of Congress classification
|i unmediated -- volume
|k v.4:no.27-51
|l 1928
|m A14834218234
|
| 952 |
f |
f |
|p storage
|a Texas A&M University
|b J.J. Pickle Campus
|c High Density Repository
|d Remote Storage
|t 0
|e Z1219 .N53
|h Library of Congress classification
|i unmediated -- volume
|k v.14:pt.1
|l 1937:Sept.5-1938:Feb.27
|m A14834218674
|
| 952 |
f |
f |
|p storage
|a Texas A&M University
|b J.J. Pickle Campus
|c High Density Repository
|d Remote Storage
|t 0
|e Z1219 .N53
|h Library of Congress classification
|i unmediated -- volume
|k v.3:pt.1
|l 1926:Sept.19-1927:Mar.13
|m A14834219361
|
| 952 |
f |
f |
|p storage
|a Texas A&M University
|b J.J. Pickle Campus
|c High Density Repository
|d Remote Storage
|t 0
|e Z1219 .N53
|h Library of Congress classification
|i unmediated -- volume
|k v.16:pt.2
|l 1940:Mar.3-Aug.25
|m A14834218349
|
| 952 |
f |
f |
|p storage
|a Texas A&M University
|b J.J. Pickle Campus
|c High Density Repository
|d Remote Storage
|t 0
|e Z1219 .N53
|h Library of Congress classification
|i unmediated -- volume
|k v.3:pt.2
|l 1927:Mar.-Sept.
|m A14834219400
|
| 952 |
f |
f |
|p storage
|a Texas A&M University
|b J.J. Pickle Campus
|c High Density Repository
|d Remote Storage
|t 0
|e Z1219 .N53
|h Library of Congress classification
|i unmediated -- volume
|k v.11:pt.2
|l 1935:Mar.10-Sept.1
|m A14834218519
|
| 952 |
f |
f |
|p storage
|a Texas A&M University
|b J.J. Pickle Campus
|c High Density Repository
|d Remote Storage
|t 0
|e Z1219 .N53
|h Library of Congress classification
|i unmediated -- volume
|k v.12:pt.1
|l 1935:Sept.8-1936:Mar.1
|m A14834218551
|
| 952 |
f |
f |
|p storage
|a Texas A&M University
|b J.J. Pickle Campus
|c High Density Repository
|d Remote Storage
|t 0
|e Z1219 .N53
|h Library of Congress classification
|i unmediated -- volume
|k v.5:pt.2
|l 1929:Mar.-June
|m A14834218187
|
| 952 |
f |
f |
|p storage
|a Texas A&M University
|b J.J. Pickle Campus
|c High Density Repository
|d Remote Storage
|t 0
|e Z1219 .N53
|h Library of Congress classification
|i unmediated -- volume
|k v.13:pt.2
|l 1937:Mar.7-Aug.29
|m A14834218632
|
| 952 |
f |
f |
|p storage
|a Texas A&M University
|b J.J. Pickle Campus
|c High Density Repository
|d Remote Storage
|t 0
|e Z1219 .N53
|h Library of Congress classification
|i unmediated -- volume
|k v.18:pt.2
|l 1942:Mar.1-Aug.23
|m A14834218420
|
| 952 |
f |
f |
|p storage
|a Texas A&M University
|b J.J. Pickle Campus
|c High Density Repository
|d Remote Storage
|t 0
|e Z1219 .N53
|h Library of Congress classification
|i unmediated -- volume
|k v.15:pt.1
|l 1938:Sept.4-1939:Feb.26
|m A14834218755
|
| 952 |
f |
f |
|p storage
|a Texas A&M University
|b J.J. Pickle Campus
|c High Density Repository
|d Remote Storage
|t 0
|e Z1219 .N53
|h Library of Congress classification
|i unmediated -- volume
|k v.9
|l 1932:Sept.11-1933:Sept.3
|m A14834218357
|
| 952 |
f |
f |
|p storage
|a Texas A&M University
|b J.J. Pickle Campus
|c High Density Repository
|d Remote Storage
|t 0
|e Z1219 .N53
|h Library of Congress classification
|i unmediated -- volume
|k v.2
|l 1925:Nov.8-1926:Sept.12
|m A14834219329
|
| 952 |
f |
f |
|p storage
|a Texas A&M University
|b J.J. Pickle Campus
|c High Density Repository
|d Remote Storage
|t 0
|e Z1219 .N53
|h Library of Congress classification
|i unmediated -- volume
|k v.15:pt.2
|l 1939:Mar.5-Aug.27
|m A14834218797
|
| 952 |
f |
f |
|p storage
|a Texas A&M University
|b J.J. Pickle Campus
|c High Density Repository
|d Remote Storage
|t 0
|e Z1219 .N53
|h Library of Congress classification
|i unmediated -- volume
|k v.19:pt.1
|l 1942:Aug.30-1943:Feb.21
|m A14834218462
|
| 952 |
f |
f |
|p storage
|a Texas A&M University
|b J.J. Pickle Campus
|c High Density Repository
|d Remote Storage
|t 0
|e Z1219 .N53
|h Library of Congress classification
|i unmediated -- volume
|k v.6:pt.2
|l 1930:Mar.16-1930:Sept.7
|m A14834218179
|
| 952 |
f |
f |
|p storage
|a Texas A&M University
|b J.J. Pickle Campus
|c High Density Repository
|d Remote Storage
|t 0
|e Z1219 .N53
|h Library of Congress classification
|i unmediated -- volume
|k v.5:pt.1
|l 1928:Sept.-1929:Mar.
|m A14834218276
|
| 952 |
f |
f |
|p storage
|a Texas A&M University
|b J.J. Pickle Campus
|c High Density Repository
|d Remote Storage
|t 0
|e Z1219 .N53
|h Library of Congress classification
|i unmediated -- volume
|k v.8
|l 1931:Sept.13-1932:Sept.4
|m A14834218315
|
| 952 |
f |
f |
|p storage
|a Texas A&M University
|b J.J. Pickle Campus
|c High Density Repository
|d Remote Storage
|t 0
|e Z1219 .N53
|h Library of Congress classification
|i unmediated -- volume
|k v.7:pt.1
|l 1930:Sept.-1931:Mar.
|m A14834218161
|
| 952 |
f |
f |
|p storage
|a Texas A&M University
|b J.J. Pickle Campus
|c High Density Repository
|d Remote Storage
|t 0
|e Z1219 .N53
|h Library of Congress classification
|i unmediated -- volume
|k v.5:pt.3
|l 1929:June-Sept.
|m A14834218226
|
| 952 |
f |
f |
|p storage
|a Texas A&M University
|b J.J. Pickle Campus
|c High Density Repository
|d Remote Storage
|t 0
|e Z1219 .N53
|h Library of Congress classification
|i unmediated -- volume
|k v.11:pt.1
|l 1934:Sept.9-1935:Mar.3
|m A14834218470
|
| 952 |
f |
f |
|p storage
|a Texas A&M University
|b J.J. Pickle Campus
|c High Density Repository
|d Remote Storage
|t 0
|e Z1219 .N53
|h Library of Congress classification
|i unmediated -- volume
|k v.10:pt.2
|l 1934:Mar.11-Sept.2
|m A14834218438
|
| 952 |
f |
f |
|p storage
|a Texas A&M University
|b J.J. Pickle Campus
|c High Density Repository
|d Remote Storage
|t 0
|e Z1219 .N53
|h Library of Congress classification
|i unmediated -- volume
|k v.10:pt.1
|l 1933:Sept.10-1934:Mar.4
|m A14834218399
|
| 952 |
f |
f |
|p storage
|a Texas A&M University
|b J.J. Pickle Campus
|c High Density Repository
|d Remote Storage
|t 0
|e Z1219 .N53
|h Library of Congress classification
|i unmediated -- volume
|k v.18:pt.1
|l 1941:Aug.31-1942:Feb.22
|m A14834218381
|
| 952 |
f |
f |
|p storage
|a Texas A&M University
|b J.J. Pickle Campus
|c High Density Repository
|d Remote Storage
|t 0
|e Z1219 .N53
|h Library of Congress classification
|i unmediated -- volume
|k v.7:pt.2
|l 1931:Apr.-Sept.
|m A14834218218
|
| 952 |
f |
f |
|p storage
|a Texas A&M University
|b J.J. Pickle Campus
|c High Density Repository
|d Remote Storage
|t 0
|e Z1219 .N53
|h Library of Congress classification
|i unmediated -- volume
|k v.12:pt.2
|l 1936:Mar.8-Aug.30
|m A14834218593
|
| 952 |
f |
f |
|p storage
|a Texas A&M University
|b J.J. Pickle Campus
|c High Density Repository
|d Remote Storage
|t 0
|e Z1219 .N53
|h Library of Congress classification
|i unmediated -- volume
|k v.1
|l 1924:Sept.21-1925:Nov.1
|m A14834219280
|
| 952 |
f |
f |
|p storage
|a Texas A&M University
|b J.J. Pickle Campus
|c High Density Repository
|d Remote Storage
|t 0
|e Z1219 .N53
|h Library of Congress classification
|i unmediated -- volume
|k v.4:pt.1
|l 1927:Sept.-1928:Mar.
|m A14834218195
|
| 952 |
f |
f |
|p storage
|a Texas A&M University
|b J.J. Pickle Campus
|c High Density Repository
|d Remote Storage
|t 0
|e Z1219 .N53
|h Library of Congress classification
|i unmediated -- volume
|k v.17:no.1-26
|l 1940:Sept.1-1941:Feb.23
|m A14834218268
|
| 952 |
f |
f |
|p storage
|a Texas A&M University
|b J.J. Pickle Campus
|c High Density Repository
|d Remote Storage
|t 0
|e Z1219 .N53
|h Library of Congress classification
|i unmediated -- volume
|k v.14:pt.2
|l 1938:Mar.6-Aug.28
|m A14834218713
|
| 952 |
f |
f |
|p storage
|a Texas A&M University
|b J.J. Pickle Campus
|c High Density Repository
|d Remote Storage
|t 0
|e Z1219 .N53
|h Library of Congress classification
|i unmediated -- volume
|k v.16:pt.1
|l 1939:Sept.3-1940:Feb.25
|m A14834218200
|
| 952 |
f |
f |
|p storage
|a Texas A&M University
|b J.J. Pickle Campus
|c High Density Repository
|d Remote Storage
|t 0
|e Z1219 .N53
|h Library of Congress classification
|i unmediated -- volume
|k v.17:pt.2
|l 1941:Mar.2-Aug.24
|m A14834218307
|
| 998 |
f |
f |
|a Z1219 .N53
|s v.1-19:pt.1 (1924/1925-1943:Feb.21)
|t 0
|l Remote Storage
|